=LDR 00000nam 2200000 4500 =001 INLIS000000000010746 =005 20130612102350 =008 ***********************************Ind** =035 ##$$0010-061300000010746 =041 ##$$a Ind =090 ##$$a 373. 24, mag m =100 ##$$a Mager, Robert F =245 ##$$a Mengembangkan pengajaran kejuruan , Robert F Mager. Kennth M Beach; terjemahan Adjat Sakri =260 ##$$a 1996 $b Bandung =300 ##$$a 15a, 85 hlm a6c21 cm =650 ##$$a Pendidikan Kejuruan =700 ##$$a Beach, Kenneth M =850 ##$$a NBPNMAT